|
|
|
|
| LEADER |
00679cam a2200217 7i4500 |
| 001 |
0000008895 |
| 005 |
20020506090000.0 |
| 010 |
# |
# |
|a 96033449
|
| 020 |
0 |
0 |
|a 0673982580
|
| 035 |
0 |
0 |
|a 0233-48560
|
| 090 |
0 |
0 |
|a TA 174
|b C662 1997
|
| 100 |
1 |
0 |
|a Cochin
|
| 245 |
1 |
0 |
|a Analysis and design of dynamic systems
|c Ira Cochin, William Cadwallender.
|
| 250 |
0 |
0 |
|a 3rd ed.
|
| 260 |
0 |
0 |
|a Reading, Massachusetts:
|b Addison-Wesley,
|c 1997.
|
| 300 |
# |
# |
|a 666p.:
|b ill.;
|c 25cm.+.
|
| 504 |
0 |
0 |
|a Includes bibliographical references and index
|
| 650 |
0 |
0 |
|a Dynamics.
|
| 650 |
0 |
0 |
|a Engineering design.
|
| 700 |
1 |
1 |
|a Cadwallender,
|h William
|
| 999 |
|
|
|a 1000387899
|b Book
|c Bahan Pandang Dengar
|e KOLEKSI TERBUKA
|